000 00296nam a22001217a 4500
003 SGT
082 _a617.024
_bB15B
100 _aBOTTING, JONATHAN
245 _aBROWN'S SKIN & MINOR SURGERY A TEXT BOOK AND COLOR ATLAS
260 _aLONDON
_bCRC PRESS
_c2015
300 _a330
942 _2ddc
_cBK
999 _c14905
_d14905